| 000 | 03044nam a2200457 a 4500 | ||
|---|---|---|---|
| 003 | CHAP | ||
| 005 | 20241007111758.0 | ||
| 007 | cr ||||||a|c|a | ||
| 008 | 101117s2010 mx r 00010 spa d | ||
| 035 | _a111495 | ||
| 040 | _cCHAP | ||
| 090 | _aTesis | ||
| 100 | 1 |
_aInterian Interian, Gelmi Guadalupe _959527 |
|
| 245 | 1 | 0 |
_aEvaluación de la efectividad biológica de los productos químicos sintéticos y alternativos para el control del nematodo dorado de la papa (Globodera rostochiensis Woll.) en Perote, Ver. _c/por Gelmi Guadalupe Interian Interian; director de tesis Calixto Leopoldo Carrillo Fonseca. |
| 264 | 1 |
_aChapingo, Méx. : _bEl autor, _c2010. |
|
| 300 |
_a1 recurso en línea (78 páginas): _bcuadros, figuras. |
||
| 336 |
_2rdacontent _atexto _btxt |
||
| 337 |
_2rdamedia _acomputadora _bc |
||
| 338 |
_2rdacarrier _arecursos en línea _bcr |
||
| 502 |
_bIAEPA _cParasitología _d2010. _gLIC |
||
| 520 | _aSe realizó un estudio con el objeto de evaluar la efectividad biológica de los tratamientos químicos y alternativos, para controlar al nematodo dorado de la papa Globodera rostochiensis Woll.; el experimento se llevó a cabo en el municipio de Perote, Veracruz, estableciendo diez tratamientos (Tagetes foetida, Nemacur, Nematrol, Phc neem, Vertí-sin, Temik, Bacillus thuringiensis, Miral, Furadán y el testigo regional) en bloques completamente al azar con un alfa de 0.05, cada una con seis repeticiones. Los parámetros evaluados fueron: peso y altura de la planta, longitud de la raíz, número y peso de tubérculos, población inicial y final de los nematodos. En los resultados obtenidos para los parámetros de la población final de nematodos, se observó que, con algunos tratamientos, se logró una reducción de la tasa de crecimiento de los quistes (se obtuvo con las medias de población inicial y final de los nematodos), resultando el mejor tratamiento Miral (129.374%) y Bacillus thuringiensis (182.758%). Sin embargo, los mejores tratamientos que alcanzaron un mayor rendimiento en peso de tubérculos fueron Tagetes foetida y Bacillus thuringiensis con 16 y 11 Kg / 16 m2 respectivamente. | ||
| 590 |
_aALEPH _b10 _c20130110 |
||
| 590 |
_aBATCH-UPD _b10 _c20130110 |
||
| 590 |
_aBATCH-UPD _b10 _c20130410 |
||
| 590 |
_aBATCH-UPD _b10 _c20130914 |
||
| 590 |
_aBATCH-UPD _b10 _c20140324 |
||
| 590 |
_aBATCH-UPD _b10 _c20141002 |
||
| 590 |
_aCONVERSION _b10 _c20130109 |
||
| 650 | 1 | 4 |
_aGlobodera rostochiensis. _948304 |
| 650 | 1 | 4 |
_aPapa _xEnfermedades por nemátodos. _985230 |
| 650 | 1 | 4 |
_aPapa _xVeracruz. _985304 |
| 650 | 1 | 4 |
_aProductos químicos. _992217 |
| 700 | 1 |
_aCarrillo Fonseca, Calixto Leopoldo _919482 _eDirector de tesis. |
|
| 856 |
_uhttp://10.13.5.2/tesis/111495.pdf _zDESCARGAR PDF |
||
| 901 | _aBK | ||
| 942 |
_cTD _2Clasificación Universidad Autónoma Chapingo |
||
| 949 |
_aTesis _bBC _cTES _d33724002222751 _eTS1 _gDonaciØn _h51470 _i111495 _sb |
||
| 949 |
_aTesis _bBC _cTES _d33724002222793 _eTS2 _fc.2 _gDonaciØn _h51471 _i111495 _sb |
||
| 999 |
_c99837 _d99837 |
||